सी सैट राज्य सिविल सेवा प्रारम्भिक परीक्षा सामान्य अध्ययन (Record no. 65139)
[ view plain ]
| 000 -LEADER | |
|---|---|
| fixed length control field | 00493nam a2200109Ia 4500 |
| 008 - FIXED-LENGTH DATA ELEMENTS--GENERAL INFORMATION | |
| fixed length control field | 221009s9999 xx 000 0 und d |
| 082 ## - DEWEY DECIMAL CLASSIFICATION NUMBER | |
| Classification number | 001 |
| 100 ## - MAIN ENTRY--PERSONAL NAME | |
| Personal name | संपादक मण्डल प्रतियोगिता दर्पण |
| 9 (RLIN) | 31843 |
| 245 #0 - TITLE STATEMENT | |
| Title | सी सैट राज्य सिविल सेवा प्रारम्भिक परीक्षा सामान्य अध्ययन |
| 260 ## - PUBLICATION, DISTRIBUTION, ETC. (IMPRINT) | |
| Name of publisher, distributor, etc. | उपकार प्रकाशन |
| 942 ## - ADDED ENTRY ELEMENTS (KOHA) | |
| Koha item type | Books |
No items available.









